[Event "Bundesliga 2223"]
[Site "Germany"]
[Date "2023.03.19"]
[Round "11.5"]
[White "Petrov, Martin"]
[Black "Boensch, Uwe"]
[Result "1-0"]
[WhiteElo "2530"]
[BlackElo "2466"]
[PlyCount "97"]
[EventDate "2022.10.21"]
[EventType "team-tourn"]
[EventRounds "15"]
[EventCountry "GER"]
[SourceTitle "CBM 213 Extra"]
[Source "ChessBase"]
[SourceDate "2023.05.31"]
[SourceVersion "1"]
[SourceVersionDate "2023.05.31"]
[SourceQuality "1"]
[WhiteTeam "Deggendorf"]
[BlackTeam "Dresden TU"]
[WhiteTeamCountry "GER"]
[BlackTeamCountry "GER"]

1. e4 c5 2. Nf3 Nc6 3. d4 cxd4 4. Nxd4 Qb6 5. Nb3 Nf6 6. Nc3 e6 7. Qe2 Bb4 8. Bd2 d6 9. 0-0-0 0-0 10. a3 Bxc3 11. Bxc3 e5 12. Rxd6 Nd4 13. Bxd4 Qxd6 14. Bc5 Qc6 15. Bxf8 Kxf8 16. f3 Be6 17. Qb5 Qxb5 18. Bxb5 Bxb3 19. cxb3 Rc8+ 20. Kd2 Ne8 21. Bc4 Nd6 22. Bd5 Ke7 23. a4 Rc7 24. Re1 g5 25. Re3 Rc8 26. Rc3 Kd7 27. b4 h5 28. g3 Rh8 29. f4 f6 30. Ke3 h4 31. fxe5 fxe5 32. Kf3 hxg3 33. hxg3 Rh2 34. b3 Rd2 35. b5 Rd4 36. Re3 Ke7 37. Kg4 Kf6 38. Kh5 b6 39. g4 Rb4 40. Kh6 Rd4 41. Re1 Rb4 42. Re2 Rd4 43. Re3 Rb4 44. Re2 Rd4 45. Re1 Rb4 46. Kh7 Rd4 47. Kg8 Rd2 48. Kf8 Nxe4 49. Rh1 1-0

[Event "Bundesliga 2223"]
[Site "Germany"]
[Date "2022.11.27"]
[Round "4.7"]
[White "Boensch, Uwe"]
[Black "Ftacnik, Lubomir"]
[Result "1/2-1/2"]
[WhiteElo "2466"]
[BlackElo "2462"]
[PlyCount "44"]
[EventDate "2022.10.21"]
[EventType "team-tourn"]
[EventRounds "15"]
[EventCountry "GER"]
[SourceTitle "CBM 211"]
[Source "ChessBase"]
[SourceDate "2022.12.31"]
[SourceVersion "1"]
[SourceVersionDate "2022.12.31"]
[SourceQuality "1"]
[WhiteTeam "Dresden TU"]
[BlackTeam "Hamburger SK"]
[WhiteTeamCountry "GER"]
[BlackTeamCountry "GER"]

1. d4 Nf6 2. c4 g6 3. Nc3 d5 4. cxd5 Nxd5 5. Bd2 Bg7 6. e4 Nxc3 7. Bxc3 0-0 8. Qd2 c5 9. d5 e6 10. Bc4 exd5 11. Bxd5 Nd7 12. Ne2 Nf6 13. 0-0 Be6 14. Rfd1 Bxd5 15. exd5 Qd6 16. Ng3 Rad8 17. Qc2 Nxd5 18. Ne4 Qc6 19. Bxg7 Kxg7 20. Qxc5 Qxc5 21. Nxc5 b6 22. Nd3 Rfe8 1/2-1/2

[Event "Bundesliga 2223"]
[Site "Germany"]
[Date "2022.10.21"]
[Round "7.7"]
[White "Schmidek, Emil"]
[Black "Boensch, Uwe"]
[Result "1-0"]
[WhiteElo "2414"]
[BlackElo "2466"]
[PlyCount "119"]
[EventDate "2022.10.21"]
[EventType "team-tourn"]
[EventRounds "15"]
[EventCountry "GER"]
[SourceTitle "CBM 211"]
[Source "ChessBase"]
[SourceDate "2022.12.31"]
[SourceVersion "1"]
[SourceVersionDate "2022.12.31"]
[SourceQuality "1"]
[WhiteTeam "Berlin SF"]
[BlackTeam "Dresden TU"]
[WhiteTeamCountry "GER"]
[BlackTeamCountry "GER"]

1. d4 d5 2. c4 e6 3. Nc3 Nf6 4. cxd5 exd5 5. Bg5 c6 6. e3 Be7 7. Bd3 0-0 8. Qc2 Nbd7 9. Nf3 Re8 10. h3 Nf8 11. Bf4 Be6 12. 0-0 N6d7 13. Na4 Rc8 14. a3 a5 15. b3 b5 16. Nc5 Nxc5 17. dxc5 Bf6 18. Rac1 Ra8 19. Bd6 g6 20. Rfe1 b4 21. Nd4 Bd7 22. Qd2 bxa3 23. Ra1 Be7 24. Bxe7 Qxe7 25. Qc3 Ne6 26. Nxe6 Bxe6 27. Rxa3 Qg5 28. Kf1 Bf5 29. Bxf5 Qxf5 30. Rea1 d4 31. exd4 Qf4 32. Kg1 Re2 33. Rf1 Rb8 34. Rxa5 Qe4 35. Ra6 Rc2 36. Re1 Qf5 37. Qf3 Qxf3 38. gxf3 Rxb3 39. Rxc6 Rxf3 40. Rf1 Rd3 41. Rd6 Rc4 42. c6 Rdxd4 43. Rxd4 Rxd4 44. Rc1 Rd8 45. Kg2 Kg7 46. Kf3 Kf6 47. c7 Rc8 48. Kf4 h6 49. Rc6+ Ke7 50. Ke5 Kd7 51. Rc3 Ke7 52. Rc4 f6+ 53. Kd5 Kd7 54. Rc6 Rxc7 55. Rxc7+ Kxc7 56. Ke6 g5 57. Kxf6 Kd6 58. Kg6 Ke5 59. Kxh6 Kf5 60. Kg7 1-0

[Event "Bodensee op"]
[Site "Bregenz"]
[Date "2022.05.21"]
[Round "1"]
[White "Boensch, Uwe"]
[Black "Hewson, Brian Wr"]
[Result "1/2-1/2"]
[WhiteElo "2493"]
[BlackElo "2069"]
[PlyCount "89"]
[EventDate "2022.05.21"]
[EventType "swiss"]
[EventRounds "9"]
[EventCountry "AUT"]
[SourceTitle "CBM 208 Extra"]
[Source "ChessBase"]
[SourceDate "2022.07.31"]
[SourceVersion "1"]
[SourceVersionDate "2022.07.31"]
[SourceQuality "1"]

1. d4 d5 2. c4 c6 3. Nf3 Nf6 4. e3 e6 5. Bd3 Nbd7 6. 0-0 Bd6 7. Nbd2 0-0 8. e4 dxe4 9. Nxe4 Nxe4 10. Bxe4 f5 11. Bc2 e5 12. c5 Be7 13. Bb3+ Kh8 14. Nxe5 Nxe5 15. dxe5 Bxc5 16. e6 Qf6 17. Re1 Re8 18. Qe2 Bb4 19. Bd2 Bxd2 20. Qxd2 Bxe6 21. Bxe6 Rxe6 22. Qd7 Rxe1+ 23. Rxe1 h6 24. Qxb7 Rd8 25. Qb3 Rd2 26. Re8+ Kh7 27. Qg8+ Kg6 28. g4 Kg5 29. Rf8 Qd4 30. Rxf5+ Kxg4 31. Qe6 Kh4 32. h3 Rd3 33. Qe7+ g5 34. Re5 Kxh3 35. Qe6+ Qg4+ 36. Qxg4+ Kxg4 37. Re6 Rd2 38. Rxc6 Rxb2 39. Ra6 h5 40. Rxa7 h4 41. Ra4+ Kf3 42. Ra3+ Kf4 43. Ra4+ Kf3 44. Ra3+ Kf4 45. Ra4+ 1/2-1/2

[Event "AUT-chT 2122"]
[Site "Austria"]
[Date "2021.11.04"]
[Round "1.5"]
[White "Boensch, Uwe"]
[Black "Gretz, Denis"]
[Result "1-0"]
[WhiteElo "2499"]
[BlackElo "2327"]
[PlyCount "109"]
[EventDate "2021.11.04"]
[EventType "team-tourn"]
[EventRounds "11"]
[EventCountry "AUT"]
[SourceTitle "CBM 205 Extra"]
[Source "ChessBase"]
[SourceDate "2022.01.31"]
[SourceVersion "1"]
[SourceVersionDate "2022.01.31"]
[SourceQuality "1"]
[WhiteTeam "Jenbach"]
[BlackTeam "Goetzis"]
[WhiteTeamCountry "AUT"]
[BlackTeamCountry "AUT"]

1. d4 f5 2. g3 Nf6 3. Bg2 g6 4. Nh3 Bg7 5. Nf4 Nc6 6. d5 Ne5 7. Nd2 e6 8. dxe6 dxe6 9. 0-0 0-0 10. Nd3 Nxd3 11. cxd3 e5 12. Qb3+ Kh8 13. Nc4 Qe7 14. Bd2 Rb8 15. Rfc1 Be6 16. Qb5 c6 17. Qb4 c5 18. Qa3 Nd5 19. Bxd5 Bxd5 20. Ne3 Bc6 21. Qxc5 Qd7 22. Nc4 Qd5 23. Qxd5 Bxd5 24. Bb4 Rfe8 25. e4 Bc6 26. f3 Kg8 27. Kf2 Rbd8 28. Ke2 Bf8 29. Bxf8 Kxf8 30. Rc3 Bb5 31. a4 Bxc4 32. Rxc4 Re7 33. Ra3 Kf7 34. a5 Ke6 35. Rb3 Kf6 36. Rcb4 Rdd7 37. Rb5 g5 38. exf5 Kxf5 39. R3b4 Kf6 40. Ke3 Kg6 41. Ke4 Kf6 42. g4 Rc7 43. Rc4 Rcd7 44. a6 bxa6 45. Rc6+ Kg7 46. Rxe5 Rxe5+ 47. Kxe5 Rxd3 48. Rxa6 Rd7 49. b4 Rb7 50. Ra4 Kg6 51. Kd5 h6 52. Ra6+ Kg7 53. Kc5 Kh7 54. b5 Kg7 55. Rd6 1-0

[Event "Bundesliga 1920"]
[Site "Germany"]
[Date "2021.10.14"]
[Round "9.44"]
[White "Predojevic, Borki"]
[Black "Boensch, Uwe"]
[Result "1-0"]
[WhiteElo "2621"]
[BlackElo "2516"]
[PlyCount "87"]
[EventDate "2019.11.23"]
[EventType "team-tourn"]
[EventRounds "15"]
[EventCountry "GER"]
[SourceTitle "EXT 2022"]
[Source "ChessBase"]
[SourceDate "2021.10.06"]
[SourceVersion "1"]
[SourceVersionDate "2021.10.06"]
[SourceQuality "1"]
[WhiteTeam "Solingen"]
[BlackTeam "Dresden TU"]
[WhiteTeamCountry "GER"]
[BlackTeamCountry "GER"]

1. e4 c5 2. Nf3 d6 3. d4 cxd4 4. Qxd4 Nc6 5. Bb5 Qd7 6. Qe3 e6 7. 0-0 Qc7 8. Be2 Nf6 9. c4 Be7 10. Nc3 a6 11. b3 b6 12. Ba3 Ng4 13. Qd2 0-0 14. Rac1 Qa7 15. Nd4 Nge5 16. Nxc6 Nxc6 17. Rfd1 Rd8 18. Qe3 Ne5 19. Rc2 Qc7 20. Rcd2 Rb8 21. h4 Bb7 22. h5 h6 23. Qg3 Kh8 24. Kh1 Rd7 25. f4 Nc6 26. f5 Bf6 27. Bxd6 Rxd6 28. Rxd6 Be5 29. Qd3 Bxd6 30. Qxd6 Rc8 31. fxe6 fxe6 32. Bg4 Qf7 33. Bxe6 Qxh5+ 34. Qh2 Qxh2+ 35. Kxh2 Re8 36. Bd5 Nd8 37. Na4 b5 38. Nc5 Bc8 39. cxb5 axb5 40. a4 bxa4 41. bxa4 Ne6 42. Nxe6 Bxe6 43. a5 Bc8 44. Rb1 1-0

[Event "Bundesliga 1920"]
[Site "Germany"]
[Date "2020.02.23"]
[Round "8.4"]
[White "Boensch, Uwe"]
[Black "Kovalenko, Igor"]
[Result "1/2-1/2"]
[WhiteElo "2516"]
[BlackElo "2647"]
[PlyCount "92"]
[EventDate "2019.11.23"]
[EventType "team-tourn"]
[EventRounds "15"]
[EventCountry "GER"]
[SourceTitle "CBM 195 Extra"]
[Source "ChessBase"]
[SourceDate "2020.05.31"]
[SourceVersion "1"]
[SourceVersionDate "2020.05.31"]
[SourceQuality "1"]
[WhiteTeam "Dresden TU"]
[BlackTeam "Viernheim"]
[WhiteTeamCountry "GER"]
[BlackTeamCountry "GER"]

1. d4 Nf6 2. c4 e6 3. Nf3 b6 4. Nc3 Bb7 5. a3 d5 6. Bg5 Be7 7. Qa4+ c6 8. cxd5 exd5 9. e3 Nbd7 10. Be2 0-0 11. 0-0 h6 12. Bh4 Re8 13. Rac1 Bd6 14. Bg3 Bxg3 15. hxg3 Re6 16. Rfe1 g6 17. b4 Qe7 18. Bf1 a6 19. Qb3 Ng4 20. Ne2 g5 21. Nc3 Rf8 22. Bd3 f5 23. e4 fxe4 24. Nxe4 b5 25. Ned2 Nb6 26. Rxe6 Qxe6 27. Re1 Qf7 28. Bb1 Bc8 29. Qc2 Nc4 30. Nxc4 bxc4 31. Ne5 Re8 32. f4 gxf4 33. gxf4 Re7 34. g3 Qh5 35. Qg6+ Qxg6 36. Bxg6 Kg7 37. Bc2 Bd7 38. Kf1 Nf6 39. Kf2 h5 40. Kf3 Be8 41. f5 Ra7 42. Kf4 a5 43. bxa5 Rxa5 44. Ng6 Bxg6 45. fxg6 Ne4 46. Bxe4 dxe4 1/2-1/2

[Event "Bodensee op"]
[Site "Bregenz"]
[Date "2019.05.31"]
[Round "7"]
[White "Schwabeneder, Florian"]
[Black "Boensch, Uwe"]
[Result "0-1"]
[WhiteElo "2407"]
[BlackElo "2507"]
[PlyCount "104"]
[EventDate "2019.05.25"]
[EventType "swiss"]
[EventRounds "9"]
[EventCountry "AUT"]
[SourceTitle "CBM 190 Extra"]
[Source "ChessBase"]
[SourceDate "2019.07.15"]
[SourceVersion "1"]
[SourceVersionDate "2019.07.15"]
[SourceQuality "1"]

1. e4 c5 2. Nf3 Nc6 3. Bb5 g6 4. 0-0 Bg7 5. Re1 Nf6 6. e5 Nd5 7. Nc3 Nc7 8. Bxc6 dxc6 9. Ne4 Ne6 10. d3 0-0 11. Be3 b6 12. Qd2 f5 13. exf6 exf6 14. Bh6 a5 15. Bxg7 Kxg7 16. Ng3 Ra7 17. Re4 Re8 18. h4 Rae7 19. Rae1 Nc7 20. Qf4 Be6 21. h5 Nd5 22. Qd2 Bc8 23. c4 Rxe4 24. Rxe4 Nc7 25. Rxe8 Nxe8 26. hxg6 hxg6 27. Qe3 Nd6 28. b3 Nf7 29. Qe4 Bd7 30. d4 cxd4 31. Nxd4 c5 32. Nf3 Qe8 33. Qd3 Bc6 34. Nd2 Ne5 35. Qe3 Qd7 36. f3 Qd3 37. Qxd3 Nxd3 38. Ne2 f5 39. Nc3 Kf6 40. Kf1 Ke5 41. Ne2 b5 42. g3 g5 43. Kg1 b4 44. Kf1 a4 45. Kg1 a3 46. Kf1 g4 47. f4+ Ke6 48. Ng1 Nc1 49. Ke1 Nxa2 50. Kd1 Nc3+ 51. Kc2 Be4+ 52. Kc1 Bd3 0-1

[Event "Bodensee op"]
[Site "Bregenz"]
[Date "2019.05.25"]
[Round "1"]
[White "Graf, Peter"]
[Black "Boensch, Uwe"]
[Result "0-1"]
[WhiteElo "1865"]
[BlackElo "2507"]
[PlyCount "42"]
[EventDate "2019.05.25"]
[EventType "swiss"]
[EventRounds "9"]
[EventCountry "AUT"]
[SourceTitle "CBM 190 Extra"]
[Source "ChessBase"]
[SourceDate "2019.07.15"]
[SourceVersion "1"]
[SourceVersionDate "2019.07.15"]
[SourceQuality "1"]

1. e4 c5 2. Be2 Nc6 3. d3 e6 4. f4 d5 5. Nf3 Bd6 6. c3 f6 7. Na3 Nge7 8. 0-0 0-0 9. Qe1 c4 10. f5 cxd3 11. Bxd3 dxe4 12. Qxe4 exf5 13. Bc4+ Kh8 14. Qc2 Ne5 15. b4 a5 16. Nxe5 Bxe5 17. Rb1 Qc7 18. g3 b5 19. Be2 axb4 20. Rxb4 Bxc3 21. Rxb5 Rxa3 0-1

[Event "WchT Seniors 50"]
[Site "Rhodes"]
[Date "2019.04.24"]
[Round "9.4"]
[White "Boensch, Uwe"]
[Black "Speelman, Jonathan S"]
[Result "1/2-1/2"]
[WhiteElo "2525"]
[BlackElo "2509"]
[PlyCount "32"]
[EventDate "2019.04.16"]
[EventType "team-swiss"]
[EventRounds "9"]
[EventCountry "GRE"]
[SourceTitle "CBM 190 Extra"]
[Source "ChessBase"]
[SourceDate "2019.07.15"]
[SourceVersion "1"]
[SourceVersionDate "2019.07.15"]
[SourceQuality "1"]
[WhiteTeam "Germany"]
[BlackTeam "England"]
[WhiteTeamCountry "GER"]
[BlackTeamCountry "ENG"]

1. d4 e6 2. c4 b6 3. Nf3 Bb7 4. g3 Bb4+ 5. Bd2 Bxf3 6. exf3 Bxd2+ 7. Qxd2 Nf6 8. Nc3 0-0 9. Be2 c6 10. 0-0 d5 11. Rfd1 dxc4 12. Bxc4 Nbd7 13. Rac1 Rc8 14. b4 Nd5 15. Ne4 Qe7 16. a3 h6 1/2-1/2

[Event "WchT Seniors 50"]
[Site "Rhodes"]
[Date "2019.04.20"]
[Round "5.3"]
[White "Vaganian, Rafael A"]
[Black "Boensch, Uwe"]
[Result "1-0"]
[WhiteElo "2535"]
[BlackElo "2525"]
[PlyCount "101"]
[EventDate "2019.04.16"]
[EventType "team-swiss"]
[EventRounds "9"]
[EventCountry "GRE"]
[SourceTitle "CBM 190 Extra"]
[Source "ChessBase"]
[SourceDate "2019.07.15"]
[SourceVersion "1"]
[SourceVersionDate "2019.07.15"]
[SourceQuality "1"]
[WhiteTeam "Armenia"]
[BlackTeam "Germany"]
[WhiteTeamCountry "ARM"]
[BlackTeamCountry "GER"]

1. d4 Nf6 2. c4 e6 3. Nc3 d5 4. cxd5 exd5 5. Bg5 c6 6. Qc2 Be7 7. e3 Nbd7 8. Bd3 0-0 9. Nf3 Re8 10. 0-0 Nf8 11. Bxf6 Bxf6 12. b4 a6 13. a4 Be7 14. b5 a5 15. bxc6 bxc6 16. Ne2 Bd7 17. Bf5 Bd6 18. Bxd7 Qxd7 19. Nc1 Rec8 20. Nd3 Ne6 21. Rfd1 c5 22. dxc5 Nxc5 23. Nxc5 Rxc5 24. Qa2 Rac8 25. g3 Qf5 26. Nd4 Qe4 27. Qd2 Be5 28. Rab1 Bxd4 29. Qxd4 Qxd4 30. Rxd4 g6 31. Rb7 Kg7 32. Rd7 Rc4 33. R7xd5 Rxd4 34. Rxd4 Rc1+ 35. Kg2 Ra1 36. g4 h6 37. h4 Kf6 38. f4 Ke6 39. Re4+ Kd6 40. h5 gxh5 41. gxh5 f6 42. f5 Kd5 43. Re6 Rxa4 44. Kf3 Rh4 45. e4+ Kc5 46. Rxf6 Rxh5 47. Ra6 Rh3+ 48. Kf4 Kb5 49. Ra8 Rh1 50. f6 Rf1+ 51. Ke5 1-0

[Event "WchT Seniors 50"]
[Site "Rhodes"]
[Date "2019.04.16"]
[Round "1.7"]
[White "Genta, Alejandro"]
[Black "Boensch, Uwe"]
[Result "0-1"]
[WhiteElo "2054"]
[BlackElo "2525"]
[PlyCount "64"]
[EventDate "2019.04.16"]
[EventType "team-swiss"]
[EventRounds "9"]
[EventCountry "GRE"]
[SourceTitle "CBM 190 Extra"]
[Source "ChessBase"]
[SourceDate "2019.07.15"]
[SourceVersion "1"]
[SourceVersionDate "2019.07.15"]
[SourceQuality "1"]
[WhiteTeam "Uruguay"]
[BlackTeam "Germany"]
[WhiteTeamCountry "URU"]
[BlackTeamCountry "GER"]

1. d4 Nf6 2. c4 e6 3. Nc3 Bb4 4. e3 c5 5. Nge2 Ne4 6. Qc2 Nxc3 7. Nxc3 d6 8. a3 Ba5 9. d5 0-0 10. Bd3 f5 11. 0-0 e5 12. f4 e4 13. Be2 Nd7 14. Nd1 Nf6 15. Nf2 Qe8 16. a4 a6 17. b3 Bd7 18. Bb2 b5 19. axb5 axb5 20. Ra2 bxc4 21. bxc4 Bb4 22. Rfa1 Rxa2 23. Rxa2 Qb8 24. Qc1 Bc8 25. Qa1 Qc7 26. h3 Qf7 27. Ra7 Qg6 28. Kh2 Bd2 29. Bc1 Bxc1 30. Qxc1 h5 31. h4 Ng4+ 32. Nxg4 hxg4 0-1

[Event "Bundesliga 1819"]
[Site "Germany"]
[Date "2019.03.01"]
[Round "9.6"]
[White "Boensch, Uwe"]
[Black "Kraemer, Martin"]
[Result "0-1"]
[WhiteElo "2553"]
[BlackElo "2578"]
[PlyCount "82"]
[EventDate "2018.11.10"]
[EventType "team-tourn"]
[EventRounds "15"]
[EventCountry "GER"]
[SourceTitle "CBM 189 Extra"]
[Source "ChessBase"]
[SourceDate "2019.06.03"]
[SourceVersion "1"]
[SourceVersionDate "2019.06.03"]
[SourceQuality "1"]
[WhiteTeam "Dresden TU"]
[BlackTeam "Berlin SF"]
[WhiteTeamCountry "GER"]
[BlackTeamCountry "GER"]

1. Nf3 Nf6 2. c4 e6 3. Nc3 d5 4. d4 dxc4 5. e4 Bb4 6. Bxc4 Nxe4 7. 0-0 Nxc3 8. bxc3 Be7 9. Re1 0-0 10. Bf4 Nc6 11. h4 Bd6 12. Bd2 Re8 13. a4 h6 14. a5 Bd7 15. Bd3 e5 16. d5 Nb8 17. Qb1 Na6 18. c4 Nc5 19. Bh7+ Kh8 20. Bc3 Qf6 21. Bc2 Bg4 22. Re3 Bxf3 23. Rxf3 Qxh4 24. Qf1 e4 25. Rh3 Qg5 26. Rd1 f5 27. Qe2 Be5 28. Bb4 b6 29. Bxc5 bxc5 30. Ba4 Re7 31. Qe3 Qxe3 32. fxe3 Rb8 33. Bb5 Kh7 34. a6 g5 35. Kf2 f4 36. Rdh1 Rb6 37. Rh5 Rf6 38. Ke2 fxe3 39. Rf1 Rxf1 40. Kxf1 Rf7+ 41. Ke2 Bd4 0-1

[Event "Bundesliga 1819"]
[Site "Germany"]
[Date "2019.02.03"]
[Round "8.5"]
[White "Predojevic, Borki"]
[Black "Boensch, Uwe"]
[Result "1/2-1/2"]
[WhiteElo "2626"]
[BlackElo "2553"]
[PlyCount "49"]
[EventDate "2018.11.10"]
[EventType "team-tourn"]
[EventRounds "15"]
[EventCountry "GER"]
[SourceTitle "CBM 188 Extra"]
[Source "ChessBase"]
[SourceDate "2019.02.26"]
[SourceVersion "1"]
[SourceVersionDate "2019.02.26"]
[SourceQuality "1"]
[WhiteTeam "Solingen"]
[BlackTeam "Dresden TU"]
[WhiteTeamCountry "GER"]
[BlackTeamCountry "GER"]

1. e4 c5 2. Nf3 Nc6 3. Bb5 d6 4. Bxc6+ bxc6 5. e5 Bg4 6. h3 Bxf3 7. Qxf3 Qd7 8. exd6 exd6 9. 0-0 Nf6 10. Nc3 Be7 11. d4 c4 12. d5 Nxd5 13. Nxd5 cxd5 14. Qxd5 Rc8 15. Be3 0-0 16. b3 a6 17. Rfe1 Rfe8 18. Bd4 Bf8 19. Rxe8 Qxe8 20. c3 Qe6 21. Qf3 cxb3 22. axb3 Qxb3 23. Rxa6 Qe6 24. Ra8 Rxa8 25. Qxa8 1/2-1/2

[Event "AUT-chT 1819"]
[Site "Austria"]
[Date "2019.01.19"]
[Round "7.5"]
[White "Boensch, Uwe"]
[Black "Ceschia, Ivano"]
[Result "1-0"]
[WhiteElo "2553"]
[BlackElo "2307"]
[PlyCount "89"]
[EventDate "2018.11.15"]
[EventType "team-tourn"]
[EventRounds "11"]
[EventCountry "AUT"]
[SourceTitle "CBM 188 Extra"]
[Source "ChessBase"]
[SourceDate "2019.02.26"]
[SourceVersion "1"]
[SourceVersionDate "2019.02.26"]
[SourceQuality "1"]
[WhiteTeam "Jenbach"]
[BlackTeam "St Veit"]
[WhiteTeamCountry "AUT"]
[BlackTeamCountry "AUT"]

1. d4 e6 2. c4 Nf6 3. Nf3 Bb4+ 4. Bd2 Qe7 5. Nc3 0-0 6. e3 b6 7. Bd3 a5 8. e4 d5 9. e5 Bxc3 10. bxc3 Ne4 11. Bxe4 dxe4 12. Ng5 f5 13. exf6 Qxf6 14. 0-0 Bb7 15. Qe2 Qg6 16. Rae1 Nd7 17. Nxe4 Rae8 18. f4 Qxe4 19. Qxe4 Bxe4 20. Rxe4 Nf6 21. Re5 Nd7 22. Re2 c5 23. Rfe1 cxd4 24. cxd4 Rc8 25. Rc1 Kf7 26. Kf2 Rc6 27. Ke3 Rfc8 28. Kd3 b5 29. c5 b4 30. a3 bxa3 31. Ra1 Rd8 32. Kc4 Nf6 33. Rxa3 Rb8 34. Rxa5 Rb2 35. Kc3 Rb7 36. Kc4 Rb2 37. Ra7+ Kg6 38. Kc3 Rb1 39. h3 Nd5+ 40. Kc2 Rf1 41. g3 Rf3 42. Re5 Rxg3 43. f5+ Kf6 44. fxe6 Ne7 45. Bg5+ 1-0